Gaby, lost and found / (Record no. 861)

MARC details
000 -LEADER
fixed length control field 01482nam a22003617a 4500
005 - DATE AND TIME OF LATEST TRANSACTION
control field 20230804162252.0
020 ## - INTERNATIONAL STANDARD BOOK NUMBER
International Standard Book Number 0545489458
020 ## - INTERNATIONAL STANDARD BOOK NUMBER
International Standard Book Number 9780545489454
040 ## - CATALOGING SOURCE
Original cataloging agency YDXCP
Language of cataloging eng
Transcribing agency YDXCP
Description conventions rda
Modifying agency BTCTA
-- BDX
-- FOLLT
-- OI6
-- UOK
-- B@L
-- OCLCQ
-- UPZ
-- OCLCF
-- DLC
050 00 - LIBRARY OF CONGRESS CALL NUMBER
Classification number PZ7.C3197
Item number Gab 2013
082 04 - DEWEY DECIMAL CLASSIFICATION NUMBER
Classification number 813.6
Edition number 23
100 1# - MAIN ENTRY--PERSONAL NAME
Personal name Cervantes, Angela,
245 10 - TITLE STATEMENT
Title Gaby, lost and found /
Statement of responsibility, etc. by : Angela Cervantes
250 ## - EDITION STATEMENT
Edition statement First paperback printing, January 2015
260 ## - PUBLICATION, DISTRIBUTION, ETC.
Place of publication, distribution, etc. New York :
Name of publisher, distributor, etc. Scholastic,
Date of publication, distribution, etc. 2015.
300 ## - PHYSICAL DESCRIPTION
Extent 220 pages ;
Dimensions 2០ cm
505 ## - FORMATTED CONTENTS NOTE
Formatted contents note P <br/>
520 ## - SUMMARY, ETC.
Summary, etc. Gaby Howard loves volunteering at the local animal shelter. Her mother has been deported to Honduras and Gaby is stuck living with her inattentive dad. She's confident that her mom will come home soon so that they can adopt Gaby's favorite shelter cat together. But Gaby worries that her plans for the perfect family are about to fall apart.
521 ## - TARGET AUDIENCE NOTE
Target audience note 640 <br/>
Source Lexile <br/>
521 ## - TARGET AUDIENCE NOTE
Target audience note P <br/>
Source Raz-Plus
650 #0 - SUBJECT ADDED ENTRY--TOPICAL TERM
Topical term or geographic name entry element Human-animal relationships
Form subdivision Juvenile fiction.
650 #0 - SUBJECT ADDED ENTRY--TOPICAL TERM
Topical term or geographic name entry element Volunteers
Form subdivision Juvenile fiction.
650 #1 - SUBJECT ADDED ENTRY--TOPICAL TERM
Topical term or geographic name entry element Human-animal relationships
Form subdivision Fiction.
650 #1 - SUBJECT ADDED ENTRY--TOPICAL TERM
Topical term or geographic name entry element Volunteers
Form subdivision Fiction.
650 #7 - SUBJECT ADDED ENTRY--TOPICAL TERM
Topical term or geographic name entry element Human-animal relationships.
Source of heading or term fast
650 #7 - SUBJECT ADDED ENTRY--TOPICAL TERM
Topical term or geographic name entry element Volunteers.
Source of heading or term fast
655 #7 - INDEX TERM--GENRE/FORM
Genre/form data or focus term Fiction.
Source of term fast
655 #7 - INDEX TERM--GENRE/FORM
Genre/form data or focus term Juvenile works.
Source of term fast
906 ## - LOCAL DATA ELEMENT F, LDF (RLIN)
a 7
b cbc
c copycat
d 2
e ncip
f 20
g y-gencatlg
942 ## - ADDED ENTRY ELEMENTS (KOHA)
Source of classification or shelving scheme Dewey Decimal Classification
Koha item type Books
Suppress in OPAC No
999 ## -
-- 861
-- 861
Holdings
Withdrawn status Lost status Source of classification or shelving scheme Damaged status Not for loan Collection Home library Current library Shelving location Date acquired Total Checkouts Full call number Barcode Date due Date last seen Date last checked out Price effective from Koha item type
    Dewey Decimal Classification     Fiction Footprints International School Library Network Toul Kork Campus Footprints International School Library Network Toul Kork Campus TK Primary Library Room(4th Floor), Bookcase 3&4, Shelves 17-32, Yellow Books 07/12/2023 1 CER Fic 813.6 PZ7.C3197 FISTK00061 04/14/2026 03/31/2026 03/31/2026 07/12/2023 Books